LEADER 02162nam 2200529 a 450 001 9910480395403321 005 20170810175502.0 010 $a1-281-98594-5 010 $a9786611985943 010 $a90-485-0989-0 035 $a(CKB)1000000000578327 035 $a(EBL)419882 035 $a(OCoLC)638859114 035 $a(SSID)ssj0000289862 035 $a(PQKBManifestationID)11214621 035 $a(PQKBTitleCode)TC0000289862 035 $a(PQKBWorkID)10403741 035 $a(PQKB)10604764 035 $a(MiAaPQ)EBC419882 035 $a(EXLCZ)991000000000578327 100 $a20091013d2006 uy 0 101 0 $adut 135 $aur|n|---||||| 181 $ctxt 182 $cc 183 $acr 200 13$aDe betere bibliotheek$b[electronic resource] $eOver de normatieve grondslagen van het openbaar bibliotheekwerk in het internettijdperk /$fFrank Huysmans 210 $aAmsterdam $cVossiuspers UvA$dc2006 215 $a1 online resource (43 p.) 225 1 $aVOR Geesteswetenschappen 300 $aFaculteit Der Geesteswetenschappen. 311 $a90-5629-444-X 320 $aIncludes bibliographical references. 330 $aHet openbaar bibliotheekwerk in Nederland is een eeuw oud. Honderd jaar geleden was betrouwbare en goede informatie schaars en voor velen te duur. De openbare bibliotheken namen veel toegangsdrempels weg. Sinds enkele jaren hebben we dankzij digitalisering en internet vanuit de huiskamer toegang tot een overweldigend en divers aanbod aan informatie en cultuur. Zullen burgers de openbare bibliotheek in de toekomst nog nodig hebben om zich te informeren en literair en cultureel te verrijken? In zijn oratie betoogt Frank Huysmans dat de normatieve grondslagen van het openbaar bibliotheekwerk, met 410 0$aVOR Geesteswetenschappen 606 $aPublic libraries 608 $aElectronic books. 615 0$aPublic libraries. 676 $a027.4 700 $aHuysmans$b Frank$f1970-$0997671 801 0$bMiAaPQ 801 1$bMiAaPQ 801 2$bMiAaPQ 906 $aBOOK 912 $a9910480395403321 996 $aDe betere bibliotheek$92288023 997 $aUNINA LEADER 01059nam0 22002651i 450 001 UON00191946 005 20231205103218.598 100 $a20030730d1960 |0itac50 ba 101 $aeng 102 $aGB 105 $a|||| 1|||| 200 1 $aAubrey's brief lives$fedited from the original manuscript and with an introduction by Oliver Lawson Dick 210 $aLondon$cSecker and Warburg$d1960 215 $aCX, 342 p., [12] c. di tav.$d24 cm. 620 $aGB$dLondon$3UONL003044 676 $a920.041$cRaccolte generali di biografie. Isole Britanniche$v21 700 1$aAUBREY$bJohn$3UONV172100$0193331 702 1$aDICK$bOliver Lawson$3UONV113182 712 $aSecker & Warburg$3UONV249248$4650 801 $aIT$bSOL$c20240220$gRICA 899 $aSIBA - SISTEMA BIBLIOTECARIO DI ATENEO$2UONSI 912 $aUON00191946 950 $aSIBA - SISTEMA BIBLIOTECARIO DI ATENEO$dSI Angl IV A AUBR $eSI LO 70815 5 996 $aAubrey's Brief Lives$9239859 997 $aUNIOR LEADER 03629oas 2201141 a 450 001 9910146358103321 005 20260130223927.0 011 $a1873-3239 035 $a(DE-599)ZDB2020467-X 035 $a(DE-599)2020467-X 035 $a(OCoLC)38523517 035 $a(CONSER) 2005233363 035 $a(CKB)954925486740 035 $a(EXLCZ)99954925486740 100 $a19980227a19869999 sy a 101 0 $aeng 135 $aurmnu|||||||| 181 $ctxt$2rdacontent 182 $cc$2rdamedia 183 $acr$2rdacarrier 200 10$aChemometrics and intelligent laboratory systems 210 $aAmsterdam $cElsevier Science Publishers B.V.$d1986- 300 $aRefereed/Peer-reviewed 300 $aSome issues also have distinctive theme titles. 311 08$a0169-7439 330 $a"Chemometrics and intelligent laboratory systems publishes original research papers, short communications, reviews, tutorials and software descriptions reporting on novel developments in techniques for chemistry and related disciplines which are characterised by the application of statistical and computer methods." 606 $aChemistry$xStatistical methods$vPeriodicals 606 $aComputation laboratories$vPeriodicals 606 $aMathematical models$vPeriodicals 606 $aMathematical models$xPeriodicals 606 $aMathematics 606 $aChemistry, Analytic 606 $aMathematics 606 $aChemistry Techniques, Analytical 606 $aStatistics as Topic 606 $aChimie$xMe?thodes statistiques$vPe?riodiques 606 $aCentres de traitement de l'information$vPe?riodiques 606 $aMode?les mathe?matiques$xPe?riodiques 606 $aMode?les mathe?matiques$vPe?riodiques 606 $aMathe?matiques 606 $aMathematics$2fast$3(OCoLC)fst01012163 606 $aChemistry$xStatistical methods$2fast$3(OCoLC)fst00853424 606 $aComputation laboratories$2fast$3(OCoLC)fst00871988 606 $aMathematical models$2fast$3(OCoLC)fst01012085 608 $aPeriodicals.$2fast 608 $aPeriodical 615 0$aChemistry$xStatistical methods 615 0$aComputation laboratories 615 0$aMathematical models 615 0$aMathematical models$xPeriodicals. 615 0$aMathematics. 615 2$aChemistry, Analytic 615 2$aMathematics 615 2$aChemistry Techniques, Analytical 615 2$aStatistics as Topic 615 6$aChimie$xMe?thodes statistiques 615 6$aCentres de traitement de l'information 615 6$aMode?les mathe?matiques$xPe?riodiques. 615 6$aMode?les mathe?matiques 615 6$aMathe?matiques. 615 7$aMathematics. 615 7$aChemistry$xStatistical methods. 615 7$aComputation laboratories. 615 7$aMathematical models. 712 02$aChemometrics Society 801 0$bOH1 801 1$bOH1 801 2$bOCL 801 2$bOCLCQ 801 2$bDLC 801 2$bOCLCQ 801 2$bGUA 801 2$bOCLCQ 801 2$bU9S 801 2$bGUA 801 2$bOCLCQ 801 2$bMYG 801 2$bOCLCQ 801 2$bOCLCF 801 2$bOCLCQ 801 2$bZ5A 801 2$bBUF 801 2$bAU@ 801 2$bOCLCO 801 2$bWYU 801 2$bU3W 801 2$bVT2 801 2$bOCLCO 801 2$bOCL 801 2$bOCLCQ 801 2$bUAB 801 2$bW2U 801 2$bOCLCL 801 2$bOCLCQ 906 $aJOURNAL 912 $a9910146358103321 996 $aChemometrics and intelligent laboratory systems$91891480 997 $aUNINA